000 00616nam a2200217Ia 4500
003 OSt
005 20230509145620.0
008 210423s2001 xx 000 0 und d
040 _cAL
041 _aeng
082 _a361
_223
_bDEVS
100 _aDEVI (Rameshwari);PRAKASH (Ravi)
_9101238
245 _aSocial welfare administrations
260 _aJaipur
_bMangal Deep Publications
_c2001
300 _a184
_bHB
365 _b480
_cINR
650 _aSocial Problems & Services
_9101239
650 _aSocial Problems & Social Welfare
_9101240
906 _aadministrations ; Social ; welfare
942 _2ddc
_cBK
999 _c171659
_d171659